[Event "XXXIV Festival Conca della Presolana Open A"]
[Site "Bratto - Castione della Presolana ITA"]
[Date "2014.08.26"]
[Round "4"]
[White "D'Amato, Piergiorgio"]
[Black "Cerutti, Fabio Maria"]
[WhiteElo "1833"]
[BlackElo "1761"]
[Result "1/2-1/2"]
[PlyCount "89"]
[EventDate "2014.08.23"]

1. e4 c5 2. Nf3 d6 3. d4 cxd4 4. Nxd4 Nf6 5. Nc3 g6 6. h3 Bg7 7. g3 Bd7 8. Bg2
Qc8 9. Be3 Nc6 10. Nde2 O-O 11. f4 Na5 12. Bd4 Bc6 13. O-O b5 14. Nd5 Nxd5 15.
exd5 Bd7 16. Kh2 Nc4 17. Qc1 b4 18. c3 a5 19. b3 Na3 20. c4 Re8 21. Bxg7 Kxg7
22. Nd4 e6 23. dxe6 fxe6 24. Bxa8 Qxa8 25. Qd2 d5 26. cxd5 exd5 27. f5 Rf8 28.
Ne6+ Bxe6 29. fxe6 Qc6 30. Rxf8 Kxf8 31. Rf1+ Ke8 32. Rf2 Nb5 33. Qe2 Nd4 34.
Qe5 Nxe6 35. Re2 Kd7 36. Qf6 Qd6 37. Qf7+ Qe7 38. Qg8 d4 39. Qb8 Qd6 40. Qb5+
Ke7 41. Qc4 d3 42. Rd2 Nc5 43. Qh4+ Ke6 44. Qg4+ Kd5 45. Qc4+ 1/2-1/2

[Event "XXXIV Festival Conca della Presolana Open A"]
[Site "Bratto - Castione della Presolana ITA"]
[Date "2014.08.26"]
[Round "4"]
[White "Dubois, Martine"]
[Black "Coppola, Federico"]
[WhiteElo "2003"]
[BlackElo "1904"]
[Result "0-1"]
[PlyCount "64"]
[EventDate "2014.08.23"]

1. e4 e6 2. Nf3 d5 3. Nc3 Nf6 4. e5 Nfd7 5. d4 c5 6. dxc5 Nc6 7. Bf4 Bxc5 8.
Bd3 h6 9. Qe2 a6 10. O-O g5 11. Bg3 g4 12. Nh4 h5 13. Nxd5 exd5 14. e6 Nf6 15.
exf7+ Kxf7 16. Rfe1 b5 17. Rad1 Ra7 18. Bg6+ Kg7 19. Qd2 Re7 20. Qg5 Rxe1+ 21.
Rxe1 Ne4 22. Be5+ Nxe5 23. Qxe5+ Qf6 24. Qxf6+ Nxf6 25. c3 Ne4 26. Bxe4 Re8 27.
g3 Rxe4 28. Rd1 Be6 29. Rd2 d4 30. cxd4 Rxd4 31. Rxd4 Bxd4 32. b3 Kf6 0-1

[Event "XXXIV Festival Conca della Presolana Open A"]
[Site "Bratto - Castione della Presolana ITA"]
[Date "2014.08.26"]
[Round "4"]
[White "Foglieni, Matteo"]
[Black "Romagnoli, Thomas"]
[WhiteElo "1961"]
[BlackElo "1708"]
[Result "1/2-1/2"]
[PlyCount "81"]
[EventDate "2014.08.23"]

1. Nf3 Nf6 2. g3 c5 3. Bg2 Nc6 4. O-O b6 5. d3 Bb7 6. e4 e6 7. Re1 Be7 8. Nbd2
d6 9. b3 O-O 10. Bb2 Nd7 11. Nc4 d5 12. Ncd2 Re8 13. Nf1 Bf6 14. e5 Be7 15. c3
f6 16. d4 fxe5 17. dxe5 g6 18. Bc1 Bf8 19. h4 Bg7 20. Bf4 Qe7 21. N1h2 Qf8 22.
Qd2 Ne7 23. g4 Nc6 24. Bh3 Kh8 25. g5 Qf7 26. Ng4 Rf8 27. Nf6 Rad8 28. Rad1 Bc8
29. Qc2 Nxf6 30. gxf6 Bxf6 31. exf6 Qxf6 32. Be5 Nxe5 33. Nxe5 Qxh4 34. Re3 Rf6
35. Bg2 Rdf8 36. Rf3 Rxf3 37. Nxf3 Qg4 38. Ne5 Qf4 39. Qc1 Qxf2+ 40. Kh2 Qh4+
41. Kg1 1/2-1/2

[Event "XXXIV Festival Conca della Presolana Open A"]
[Site "Bratto - Castione della Presolana ITA"]
[Date "2014.08.26"]
[Round "4"]
[White "Gardi, Giuseppe"]
[Black "Girgenti, Giuseppe"]
[WhiteElo "1965"]
[BlackElo "1960"]
[Result "1/2-1/2"]
[PlyCount "72"]
[EventDate "2014.08.23"]

1. d4 d5 2. c4 c6 3. cxd5 cxd5 4. Nc3 Nf6 5. Nf3 Nc6 6. Bf4 a6 7. Rc1 e6 8. e3
Bd6 9. Bxd6 Qxd6 10. Bd3 Bd7 11. O-O O-O 12. Na4 Nb4 13. Bb1 Bxa4 14. Qxa4 Nc6
15. Qb3 Rab8 16. Bd3 g6 17. Rc3 e5 18. dxe5 Nxe5 19. Nxe5 Qxe5 20. h3 d4 21.
exd4 Qxd4 22. Be2 Qd5 23. Bc4 Qd4 24. Rd1 Qa7 25. Rf3 b5 26. Bd3 Nd7 27. Qd5
Nb6 28. Qg5 Rbd8 29. Re1 Rde8 30. Rfe3 Qd7 31. Qc5 Na4 32. Qc2 Rxe3 33. Rxe3
Re8 34. Rxe8+ Qxe8 35. b3 Qe1+ 36. Kh2 Nc3 1/2-1/2

[Event "XXXIV Festival Conca della Presolana Open A"]
[Site "Bratto - Castione della Presolana ITA"]
[Date "2014.08.26"]
[Round "4"]
[White "Gennaro, Isabella"]
[Black "Gagliardi, Claudio"]
[WhiteElo "1819"]
[BlackElo "1779"]
[Result "1/2-1/2"]
[PlyCount "61"]
[EventDate "2014.08.23"]

1. e4 c5 2. Nf3 Nc6 3. d4 cxd4 4. Nxd4 g6 5. Nc3 Bg7 6. Be3 Nf6 7. Be2 d6 8.
O-O O-O 9. Kh1 d5 10. Nxc6 bxc6 11. e5 Nd7 12. f4 Qc7 13. Bf3 Rd8 14. Qe1 e6
15. Qh4 Ba6 16. Rg1 c5 17. Na4 Rab8 18. f5 Rb4 19. g4 Nxe5 20. Bd1 exf5 21.
Nxc5 Bc8 22. c3 Rxb2 23. Bd4 Nxg4 24. Bxg4 fxg4 25. Bxg7 Kxg7 26. Rgf1 Bf5 27.
Rxf5 gxf5 28. Qg5+ Kf8 29. Qh6+ Kg8 30. Qg5+ Kf8 31. Qh6+ 1/2-1/2

[Event "XXXIV Festival Conca della Presolana Open A"]
[Site "Bratto - Castione della Presolana ITA"]
[Date "2014.08.26"]
[Round "4"]
[White "Guerini, Sara"]
[Black "Milanesi, Erminio"]
[WhiteElo "1766"]
[BlackElo "1794"]
[Result "0-1"]
[PlyCount "51"]
[EventDate "2014.08.23"]

1. e4 g6 2. d4 f6 3. Nf3 Nh6 4. Nc3 Nf7 5. Bd3 Bg7 6. O-O O-O 7. Re1 e6 8. Be3
d6 9. Bc4 c6 10. d5 cxd5 11. exd5 e5 12. Qd2 Bg4 13. Qe2 f5 14. Qf1 Bxf3 15.
gxf3 f4 16. Bd2 Nd7 17. Ne4 a6 18. a3 Nf6 19. Rab1 Qd7 20. Nxd6 Nxd6 21. Rxe5
Nf7 22. d6 Qxd6 23. Bxf4 Nd5 24. Rd1 Qf6 25. Bxd5 Qxf4 26. Re7 0-1

[Event "XXXIV Festival Conca della Presolana Open A"]
[Site "Bratto - Castione della Presolana ITA"]
[Date "2014.08.26"]
[Round "4"]
[White "Listello, Massimiliano"]
[Black "Franciosi, Claudio"]
[WhiteElo "1787"]
[BlackElo "1727"]
[Result "0-1"]
[PlyCount "49"]
[EventDate "2014.08.23"]

1. e4 e5 2. Nf3 Nc6 3. d4 exd4 4. Bc4 h6 5. O-O d6 6. Nxd4 Nxd4 7. Qxd4 Qf6 8.
Be3 Qxd4 9. Bxd4 Be6 10. Bd3 Ne7 11. f4 Nc6 12. Bc3 f6 13. b4 O-O-O 14. b5 Ne7
15. f5 Bf7 16. a4 d5 17. a5 dxe4 18. Be2 Nd5 19. Bb2 Bc5+ 20. Kh1 Ne3 21. Rc1
Bc4 22. Bxc4 Nxc4 23. Ba3 Bxa3 24. Nxa3 Nxa5 25. c4 0-1

[Event "XXXIV Festival Conca della Presolana Open A"]
[Site "Bratto - Castione della Presolana ITA"]
[Date "2014.08.26"]
[Round "4"]
[White "Mortola, Alberto"]
[Black "Rorato, Renzo"]
[WhiteElo "1949"]
[BlackElo "2012"]
[Result "0-1"]
[PlyCount "82"]
[EventDate "2014.08.23"]

1. b4 Nf6 2. Bb2 e6 3. a3 a5 4. b5 d5 5. Nf3 Nbd7 6. e3 Bd6 7. c4 O-O 8. Be2 c5
9. d4 cxd4 10. Nxd4 dxc4 11. Bxc4 Ne5 12. Be2 Ng6 13. O-O Qc7 14. Nf3 e5 15.
Ne1 Rd8 16. Qa4 Nd5 17. Qc4 Qxc4 18. Bxc4 Be6 19. Nd2 Bf8 20. Nef3 f6 21. Rfd1
Kf7 22. Rac1 Rac8 23. Ne4 Nb6 24. Bxe6+ Kxe6 25. Rxd8 Rxd8 26. h3 Na4 27. Rc2
Nxb2 28. Rxb2 Bxa3 29. Rc2 Rd1+ 30. Kh2 Ne7 31. Nfd2 Bb4 32. Nb3 b6 33. Nc1 Rd5
34. Ra2 Rxb5 35. Rb2 Nd5 36. g4 g6 37. Kg3 h6 38. Kf3 f5 39. gxf5+ gxf5 40. Ng3
e4+ 41. Ke2 Rc5 0-1

[Event "XXXIV Festival Conca della Presolana Open A"]
[Site "Bratto - Castione della Presolana ITA"]
[Date "2014.08.26"]
[Round "4"]
[White "Oteri, Aldo"]
[Black "Scagliotti, Guglielmo"]
[WhiteElo "1752"]
[BlackElo "1910"]
[Result "1-0"]
[PlyCount "71"]
[EventDate "2014.08.23"]

1. e4 c5 2. Nf3 d6 3. d4 cxd4 4. Nxd4 Nf6 5. Nc3 a6 6. Bg5 e6 7. f4 Qb6 8. Bxf6
gxf6 9. Qd2 Qxb2 10. Nb3 Qa3 11. Be2 h5 12. O-O Be7 13. Rae1 Nc6 14. Rf3 Qb4
15. Kh1 Qb6 16. Re3 Bd7 17. Nd5 exd5 18. exd5 Ne5 19. fxe5 fxe5 20. Bf1 Kd8 21.
Rf3 f5 22. Na5 Qa7 23. Rb1 Rb8 24. Rfb3 b5 25. a4 Rc8 26. axb5 axb5 27. Bxb5
Qd4 28. Qxd4 exd4 29. Bxd7 Kxd7 30. Rb7+ Ke8 31. Re1 Rh7 32. Nc6 Rxc6 33. dxc6
Kd8 34. Rd7+ Ke8 35. Ra7 Kd8 36. Rb1 1-0

[Event "XXXIV Festival Conca della Presolana Open A"]
[Site "Bratto - Castione della Presolana ITA"]
[Date "2014.08.26"]
[Round "4"]
[White "Papa, Angelo"]
[Black "Bex, Lennert"]
[WhiteElo "1754"]
[BlackElo "1882"]
[Result "0-1"]
[PlyCount "90"]
[EventDate "2014.08.23"]

1. d4 d6 2. e4 Nf6 3. f3 g6 4. c4 Bg7 5. Nc3 Nbd7 6. Be3 e5 7. d5 O-O 8. Nh3
Re8 9. Bd3 Nc5 10. Nf2 Nh5 11. Qd2 Nxd3+ 12. Nxd3 f5 13. Bg5 Bf6 14. Bxf6 Qxf6
15. O-O-O f4 16. Nf2 Bd7 17. Ng4 Qg5 18. h4 Qd8 19. Ne2 Qc8 20. Nf2 b5 21. Nh3
bxc4 22. Ng5 Qa6 23. Kb1 Rab8 24. Ne6 Bxe6 25. dxe6 Rxe6 26. Qd5 Kf7 27. Nc3
Ng3 28. Rhe1 Qb7 29. Rd2 Qxd5 30. Nxd5 Rb7 31. Red1 Re8 32. Nc3 Ke6 33. Rc2
Reb8 34. Rcd2 Nh5 35. Rc1 c6 36. Rcd1 Rd7 37. Na4 Rb5 38. Nc3 Ra5 39. Rc1 d5
40. exd5+ cxd5 41. Rcd1 Nf6 42. Re1 Rb7 43. Ne2 Kd6 44. Ka1 d4 45. Nxd4 Rd5 0-1

[Event "XXXIV Festival Conca della Presolana Open A"]
[Site "Bratto - Castione della Presolana ITA"]
[Date "2014.08.26"]
[Round "4"]
[White "Pirrello, Christian"]
[Black "Mascheroni, Maurizio"]
[WhiteElo "1691"]
[BlackElo "1996"]
[Result "1/2-1/2"]
[PlyCount "50"]
[EventDate "2014.08.23"]

1. d4 Nf6 2. c4 e6 3. Nc3 Bb4 4. e3 O-O 5. a3 Bxc3+ 6. bxc3 c5 7. Bd3 d6 8. Ne2
e5 9. e4 Nc6 10. d5 Ne7 11. O-O Ng6 12. f4 exf4 13. Bxf4 Nxf4 14. Nxf4 Qe7 15.
Qc2 Ng4 16. Rae1 Ne5 17. Re3 b6 18. Rg3 f6 19. Qd1 Rf7 20. Re1 g6 21. Ree3 Bd7
22. Qf1 Raf8 23. Qe2 Rg7 24. Qa2 Rgf7 25. Qe2 Rg7 1/2-1/2

[Event "XXXIV Festival Conca della Presolana Open A"]
[Site "Bratto - Castione della Presolana ITA"]
[Date "2014.08.26"]
[Round "4"]
[White "Raselli, Claudio"]
[Black "Guerini, Silvia jr"]
[WhiteElo "1867"]
[BlackElo "1858"]
[Result "0-1"]
[PlyCount "54"]
[EventDate "2014.08.23"]

1. Nf3 Nf6 2. c4 g6 3. g3 Bg7 4. Bg2 d6 5. O-O O-O 6. Nc3 e5 7. d3 Nc6 8. Rb1
a5 9. a3 Ne8 10. b4 axb4 11. axb4 f5 12. Bg5 Qd7 13. b5 Ne7 14. Qb3 Kh8 15. Ra1
Rxa1 16. Rxa1 f4 17. Bxe7 Qxe7 18. Nd5 Qf7 19. Ng5 Qf5 20. h4 fxg3 21. f3 e4
22. dxe4 Qe5 23. Ra8 h6 24. f4 Qd4+ 25. e3 Qd2 26. Nf3 Qc1+ 27. Bf1 Bh3 0-1

[Event "XXXIV Festival Conca della Presolana Open A"]
[Site "Bratto - Castione della Presolana ITA"]
[Date "2014.08.26"]
[Round "4"]
[White "Rossini, Fulvio"]
[Black "Iasman, Inna"]
[WhiteElo "1930"]
[BlackElo "1945"]
[Result "1-0"]
[PlyCount "70"]
[EventDate "2014.08.23"]

1. e4 c6 2. d4 d5 3. e5 c5 4. c3 Nc6 5. h3 Bf5 6. Bd3 Bxd3 7. Qxd3 e6 8. Nf3
Nge7 9. a3 Nf5 10. b4 cxb4 11. cxb4 Qb6 12. Be3 Rc8 13. O-O Be7 14. Nbd2 O-O
15. Nb3 a6 16. Nc5 Rc7 17. Bd2 Bxc5 18. bxc5 Qa7 19. g4 Nfe7 20. Ng5 Ng6 21. f4
h6 22. Nxe6 Ngxe5 23. fxe5 fxe6 24. Bxh6 Rxf1+ 25. Rxf1 Nxe5 26. dxe5 gxh6 27.
Qg6+ Rg7 28. Qxe6+ Kh7 29. Qxd5 Qb8 30. Qd6 Qe8 31. Rf6 Rg6 32. Rxg6 Qxg6 33.
Qxg6+ Kxg6 34. Kf2 Kf7 35. Ke3 Ke6 1-0

[Event "XXXIV Festival Conca della Presolana Open A"]
[Site "Bratto - Castione della Presolana ITA"]
[Date "2014.08.26"]
[Round "4"]
[White "Saracco, Marco"]
[Black "Villa, Claudio"]
[WhiteElo "1840"]
[BlackElo "1796"]
[Result "0-1"]
[PlyCount "90"]
[EventDate "2014.08.23"]

1. d4 d5 2. c4 dxc4 3. e3 e5 4. Bxc4 exd4 5. exd4 Bb4+ 6. Nc3 Nc6 7. Be3 Qe7 8.
Nge2 Nf6 9. h3 O-O 10. O-O b6 11. Nd5 Nxd5 12. Bxd5 Bb7 13. a3 Bd6 14. Nc3 a6
15. Qf3 Qd7 16. Rac1 Ra7 17. Rc2 Kh8 18. Rfc1 Ba8 19. Ne2 Nxd4 20. Bxd4 Bxd5
21. Qc3 f6 22. b4 Be4 23. Rd2 Qf7 24. Bxb6 Rb7 25. Bd4 Qg6 26. f3 Bf5 27. Kf1
Re8 28. Be3 Be5 29. Bd4 Bd6 30. Rcd1 Qh6 31. Ng1 Bd7 32. Ne2 Bb5 33. Ra1 Qg5
34. Raa2 Rbb8 35. Kf2 Qh4+ 36. Kf1 Qg5 37. Kf2 Re6 38. Rac2 Rbe8 39. Qb2 Qh4+
40. Kf1 Bf4 41. Bf2 Qh6 42. Qd4 Bxd2 43. Rxd2 Rxe2 44. Rxe2 Qc1+ 45. Be1 Rxe2
0-1

[Event "XXXIV Festival Conca della Presolana Open A"]
[Site "Bratto - Castione della Presolana ITA"]
[Date "2014.08.27"]
[Round "5"]
[White "Cerutti, Fabio Maria"]
[Black "Coqueraut, Jean Dominique"]
[WhiteElo "1761"]
[BlackElo "1794"]
[Result "1/2-1/2"]
[PlyCount "75"]
[EventDate "2014.08.23"]

1. e4 d6 2. d4 e5 3. Nf3 exd4 4. Nxd4 Nf6 5. Nc3 a6 6. a4 c5 7. Nde2 Nc6 8. Nf4
Nb4 9. Bc4 Be7 10. O-O O-O 11. Re1 Qc7 12. Qe2 Bd7 13. Nd1 b5 14. Nd5 Nfxd5 15.
Bxd5 Nxd5 16. exd5 Bf6 17. axb5 Rfe8 18. Qd2 Rxe1+ 19. Qxe1 Bxb5 20. Ne3 Re8
21. Qd1 Qe7 22. h3 Bg5 23. Bd2 g6 24. b3 Bxe3 25. Bxe3 c4 26. bxc4 Bxc4 27. Qd4
Qe4 28. Qxe4 Rxe4 29. Ra4 Bd3 30. Rxe4 Bxe4 31. c3 Bxd5 32. Bf4 Kf8 33. Bxd6+
Ke8 34. Kf1 Kd7 35. Bf8 Kc6 36. g3 Kb5 37. Ke2 Kc4 38. Bb4 1/2-1/2

[Event "XXXIV Festival Conca della Presolana Open A"]
[Site "Bratto - Castione della Presolana ITA"]
[Date "2014.08.27"]
[Round "5"]
[White "Coppola, Federico"]
[Black "Rossini, Fulvio"]
[WhiteElo "1904"]
[BlackElo "1930"]
[Result "1-0"]
[PlyCount "65"]
[EventDate "2014.08.23"]

1. Nf3 f5 2. c4 Nf6 3. g3 e6 4. Bg2 c6 5. O-O Be7 6. Nc3 O-O 7. d3 d5 8. cxd5
cxd5 9. e4 Nc6 10. exf5 e5 11. Re1 d4 12. Nb1 Qc7 13. Nbd2 Bxf5 14. Nc4 Nd7 15.
Bg5 Bf6 16. Rc1 Kh8 17. Bxf6 gxf6 18. Nh4 Bg6 19. Nxg6+ hxg6 20. Qg4 Kg7 21. f4
exf4 22. Bxc6 bxc6 23. Re7+ Rf7 24. Qe6 Rxe7 25. Qxe7+ Kh6 26. Nd6 Rf8 27. gxf4
Rg8 28. Nf7+ Kh5 29. Qe2+ Kh4 30. Qf2+ Kg4 31. Qg3+ Kf5 32. Qh3+ Kxf4 33. Rf1#
1-0

[Event "XXXIV Festival Conca della Presolana Open A"]
[Site "Bratto - Castione della Presolana ITA"]
[Date "2014.08.27"]
[Round "5"]
[White "Dormio, Luca"]
[Black "Guerini, Sara"]
[WhiteElo "1840"]
[BlackElo "1766"]
[Result "1-0"]
[PlyCount "87"]
[EventDate "2014.08.23"]

1. b3 e5 2. Bb2 Nc6 3. e3 d5 4. Bb5 Bd6 5. f4 Qe7 6. Nf3 d4 7. Bxc6+ bxc6 8.
fxe5 Bxe5 9. Nxe5 Qxe5 10. Bxd4 Qg5 11. Qf3 Ne7 12. O-O O-O 13. d3 Be6 14. Nd2
c5 15. Ne4 Qg6 16. Bxc5 Bg4 17. Qg3 Nf5 18. Rxf5 Bxf5 19. Qxg6 Bxg6 20. Bxf8
Rxf8 21. Nc5 Bf5 22. Rf1 Bc8 23. Rf4 Re8 24. Kf2 f6 25. Ra4 Re5 26. d4 Rf5+ 27.
Ke2 Rg5 28. g3 Bg4+ 29. Kd3 Rf5 30. Rxa7 Rf2 31. Rxc7 Be2+ 32. Kc3 Bd1 33. a4
Rxc2+ 34. Kb4 Bf3 35. a5 Bd5 36. e4 Bxe4 37. a6 Bf3 38. a7 Ra2 39. Na4 Rxh2 40.
Nb6 Rg2 41. d5 Ra2 42. a8=Q+ Rxa8 43. Nxa8 Bxd5 44. Nb6 1-0

[Event "XXXIV Festival Conca della Presolana Open A"]
[Site "Bratto - Castione della Presolana ITA"]
[Date "2014.08.27"]
[Round "5"]
[White "Franciosi, Claudio"]
[Black "Rizzi, Volfango"]
[WhiteElo "1727"]
[BlackElo "1850"]
[Result "1-0"]
[PlyCount "71"]
[EventDate "2014.08.23"]

1. e4 e5 2. Nf3 Nc6 3. Bb5 Bc5 4. O-O Nf6 5. c3 O-O 6. Re1 d6 7. d4 exd4 8.
cxd4 Bb4 9. Nc3 Bg4 10. Qb3 Bxf3 11. Bxc6 Bxc3 12. Qxc3 bxc6 13. Qxf3 h6 14. e5
Nd5 15. Qg3 Kh7 16. Re4 f5 17. Re1 Rb8 18. b3 Rb4 19. Bb2 f4 20. Qf3 Qh4 21.
Qe4+ g6 22. Ba3 a5 23. Bxb4 Nxb4 24. exd6 cxd6 25. Qe7+ Qxe7 26. Rxe7+ Kg8 27.
Re6 Kf7 28. Rxd6 Re8 29. h3 Re2 30. a3 Nc2 31. Rc1 Rd2 32. Rxc6 Nxd4 33. Rc7+
Kf6 34. R1c4 g5 35. b4 axb4 36. axb4 1-0

[Event "XXXIV Festival Conca della Presolana Open A"]
[Site "Bratto - Castione della Presolana ITA"]
[Date "2014.08.27"]
[Round "5"]
[White "Gagliardi, Claudio"]
[Black "Bettini, Alessandro"]
[WhiteElo "1779"]
[BlackElo "1829"]
[Result "1/2-1/2"]
[PlyCount "98"]
[EventDate "2014.08.23"]

1. e4 Nc6 2. Nf3 d6 3. Bb5 Nf6 4. d3 Bd7 5. c3 g6 6. O-O Bg7 7. Re1 e5 8. d4
O-O 9. h3 exd4 10. cxd4 a6 11. Ba4 b5 12. Bc2 Qc8 13. Be3 Nb4 14. Nbd2 c5 15.
a3 Nxc2 16. Qxc2 c4 17. Rad1 Re8 18. d5 Nh5 19. Nh2 f5 20. exf5 Bxf5 21. Qc1
Bd3 22. Ndf3 Qb7 23. Bh6 Qxd5 24. Bxg7 Nxg7 25. Ng4 Rxe1+ 26. Rxe1 Rf8 27. Nh6+
Kh8 28. Qc3 Be4 29. Nd2 Qg5 30. Nxe4 Qxh6 31. Nxd6 Qf4 32. Re7 Qxf2+ 33. Kh2
Qf4+ 34. Kg1 Qf6 35. Qxf6 Rxf6 36. Nf7+ Kg8 37. Nh6+ Kf8 38. Ra7 g5 39. Ra8+
Ne8 40. Ng4 Re6 41. Kf2 h5 42. Ne3 Kf7 43. Ra7+ Kg6 44. Nd5 Kf5 45. Nb4 Nd6 46.
Rxa6 Ne4+ 47. Ke3 Rxa6 48. Nxa6 Ke5 49. Nc7 Nd6 1/2-1/2

[Event "XXXIV Festival Conca della Presolana Open A"]
[Site "Bratto - Castione della Presolana ITA"]
[Date "2014.08.27"]
[Round "5"]
[White "Girgenti, Giuseppe"]
[Black "Pirrello, Christian"]
[WhiteElo "1960"]
[BlackElo "1691"]
[Result "0-1"]
[PlyCount "102"]
[EventDate "2014.08.23"]

1. e4 c6 2. Nf3 d5 3. Nc3 Bg4 4. exd5 cxd5 5. Bb5+ Nc6 6. d4 e6 7. Qd3 Bxf3 8.
Qxf3 Nf6 9. O-O Be7 10. Bf4 O-O 11. Rfd1 a6 12. Bxc6 bxc6 13. Ne2 Qb6 14. Qb3
Qa7 15. Be5 Nd7 16. Qg3 Nxe5 17. dxe5 Rab8 18. b3 a5 19. Nf4 g6 20. h4 Qc7 21.
Re1 Kh8 22. Qg4 Qd8 23. Re3 Rg8 24. h5 g5 25. Nh3 h6 26. c3 c5 27. Rd1 a4 28.
bxa4 c4 29. Kh2 Ra8 30. Rf3 Rg7 31. Ng1 Rxa4 32. Ne2 Rxa2 33. Nd4 Bc5 34. Rf6
Rh7 35. Qf3 Kg8 36. Rb1 Be7 37. Nc6 Qc7 38. Nxe7+ Qxe7 39. Rb8+ Kg7 40. Qe3 Qa7
41. Rb6 Ra6 42. Rxa6 Qxa6 43. f4 gxf4 44. Qxf4 Qb7 45. Kh3 Kg8 46. Rxh6 Rg7 47.
Qf3 Qb1 48. g4 Qe1 49. Qg2 Qxc3+ 50. Kh4 Qxe5 51. Qa2 Qg5+ 0-1

[Event "XXXIV Festival Conca della Presolana Open A"]
[Site "Bratto - Castione della Presolana ITA"]
[Date "2014.08.27"]
[Round "5"]
[White "Guerini, Silvia jr"]
[Black "Gardi, Giuseppe"]
[WhiteElo "1858"]
[BlackElo "1965"]
[Result "1/2-1/2"]
[PlyCount "61"]
[EventDate "2014.08.23"]

1. e4 d6 2. d4 Nf6 3. Nc3 g6 4. Nf3 Bg7 5. h3 O-O 6. Be2 c6 7. a4 Nbd7 8. O-O
Qc7 9. Be3 e5 10. dxe5 Nxe5 11. Nxe5 dxe5 12. Bc4 Re8 13. a5 Be6 14. Qe2 Nh5
15. Bxe6 Rxe6 16. Qc4 Qc8 17. Rfd1 Nf4 18. Rd2 Re8 19. Rad1 Ne6 20. Na4 Bf8 21.
Nc5 Bxc5 22. Bxc5 Qc7 23. b4 Nxc5 24. Qxc5 b6 25. axb6 axb6 26. Qc4 Re7 27. Rd6
Ra1 28. Rxg6+ hxg6 29. Rxa1 Rd7 30. Qc3 Rd4 31. b5 1/2-1/2

[Event "XXXIV Festival Conca della Presolana Open A"]
[Site "Bratto - Castione della Presolana ITA"]
[Date "2014.08.27"]
[Round "5"]
[White "Iasman, Inna"]
[Black "Dubois, Martine"]
[WhiteElo "1945"]
[BlackElo "2003"]
[Result "1/2-1/2"]
[PlyCount "30"]
[EventDate "2014.08.23"]

1. d4 d5 2. c4 dxc4 3. Nf3 Nf6 4. e3 e6 5. Bxc4 a6 6. Nc3 b5 7. Bd3 Bb7 8. O-O
Nbd7 9. e4 b4 10. e5 bxc3 11. exf6 Qxf6 12. bxc3 Bd6 13. Be2 h6 14. Qa4 Rd8 15.
Ba3 Qf4 1/2-1/2

[Event "XXXIV Festival Conca della Presolana Open A"]
[Site "Bratto - Castione della Presolana ITA"]
[Date "2014.08.27"]
[Round "5"]
[White "Lavorgna, Filippo"]
[Black "Raselli, Claudio"]
[WhiteElo "1753"]
[BlackElo "1867"]
[Result "1/2-1/2"]
[PlyCount "143"]
[EventDate "2014.08.23"]

1. Nf3 c5 2. c4 Nc6 3. g3 g6 4. Bg2 Bg7 5. O-O e6 6. e3 Nge7 7. Nc3 O-O 8. d4
cxd4 9. exd4 d5 10. cxd5 exd5 11. Bf4 Be6 12. Na4 b6 13. Rc1 Rc8 14. Ne5 Nxe5
15. dxe5 Qd7 16. Nc3 Rfd8 17. Qd2 d4 18. Ne4 Bxa2 19. Nf6+ Bxf6 20. exf6 Nc6
21. Bc7 Kh8 22. Bxd8 Nxd8 23. Rxc8 Qxc8 24. Qh6 Ne6 25. Bh3 Qf8 26. Qxf8+ Nxf8
27. Rd1 Be6 28. Bg2 Nd7 29. Rxd4 Nxf6 30. Rd8+ Kg7 31. Ra8 a5 32. Ra6 Nd7 33.
Bc6 Bc4 34. Ra8 Ne5 35. Be4 Nd7 36. Rd8 Nc5 37. Rd4 b5 38. Bc2 a4 39. f4 Ne6
40. Rd2 Nc5 41. Kf2 Kf6 42. Ke3 Ne6 43. Bd3 Bxd3 44. Rxd3 b4 45. Rd5 a3 46.
bxa3 bxa3 47. Ra5 h5 48. h4 Ng7 49. Rxa3 Nf5+ 50. Kf2 Kg7 51. Ra5 Kf6 52. Re5
Nh6 53. Kf3 Nf5 54. Re1 Nd4+ 55. Ke4 Nf5 56. Kf3 Nd4+ 57. Kf2 Nf5 58. Kg2 Nh6
59. Kh3 Ng4 60. Ra1 Nf2+ 61. Kg2 Ng4 62. Ra5 Ne3+ 63. Kf3 Ng4 64. Rg5 Nh6 65.
Ke4 Ng4 66. f5 Nf2+ 67. Kf3 Nh3 68. fxg6 Nxg5+ 69. hxg5+ Kxg6 70. Kf4 f6 71.
gxf6 Kxf6 72. g4 1/2-1/2

[Event "XXXIV Festival Conca della Presolana Open A"]
[Site "Bratto - Castione della Presolana ITA"]
[Date "2014.08.27"]
[Round "5"]
[White "Mascheroni, Maurizio"]
[Black "Bex, Lennert"]
[WhiteElo "1996"]
[BlackElo "1882"]
[Result "0-1"]
[PlyCount "110"]
[EventDate "2014.08.23"]

1. e4 c6 2. d4 d5 3. Nd2 dxe4 4. Nxe4 Bf5 5. Ng3 Bg6 6. Nf3 Nf6 7. Ne5 Nbd7 8.
Nxg6 hxg6 9. Bd3 Qc7 10. Qe2 e6 11. Bd2 Nd5 12. O-O-O N7f6 13. Kb1 Qb6 14. c4
Ne7 15. Bc3 O-O-O 16. h3 Nf5 17. Nxf5 gxf5 18. Rhe1 Bb4 19. Bxb4 Qxb4 20. Bc2
Rd7 21. Rd2 Qb6 22. Qe5 Rhd8 23. Red1 Qc7 24. Qe3 g6 25. f3 f4 26. Qf2 Qb6 27.
Rd3 a6 28. Qh4 Nh5 29. c5 Qc7 30. Qg5 Ng3 31. Qe5 Nf5 32. Qxc7+ Kxc7 33. d5
exd5 34. R3d2 Ne3 35. Re1 Re8 36. Bb3 Rde7 37. a4 Nf5 38. Rxe7+ Rxe7 39. Bc2
Re1+ 40. Ka2 Ne3 41. Kb3 Kd7 42. Bd3 a5 43. Kc3 Rg1 44. b4 axb4+ 45. Kxb4 Rxg2
46. Rxg2 Nxg2 47. a5 Kc7 48. Kc3 Nh4 49. Be2 Kd7 50. Kd2 Ke6 51. Ke1 Ke5 52.
Bb5 Nxf3+ 53. Kf2 Nd4 54. a6 bxa6 55. Bxa6 Ne6 0-1

[Event "XXXIV Festival Conca della Presolana Open A"]
[Site "Bratto - Castione della Presolana ITA"]
[Date "2014.08.27"]
[Round "5"]
[White "Milanesi, Erminio"]
[Black "Boccalatte, Piero"]
[WhiteElo "1794"]
[BlackElo "1924"]
[Result "0-1"]
[PlyCount "78"]
[EventDate "2014.08.23"]

1. g3 d5 2. f3 Nf6 3. Nh3 e5 4. Nf2 Be6 5. e3 Bd6 6. Bg2 O-O 7. O-O c5 8. d3
Nc6 9. c3 Qc7 10. Na3 a6 11. Nc2 b5 12. b3 Rfe8 13. Bd2 Rad8 14. Qe2 h6 15. Kh1
Rd7 16. Rfd1 Rde7 17. Qf1 Nh7 18. e4 d4 19. cxd4 cxd4 20. Bh3 Ng5 21. Bxg5 hxg5
22. Bxe6 Rxe6 23. g4 Ne7 24. Rac1 Qa5 25. Ra1 Rc8 26. Qe2 Ba3 27. Nxa3 Qxa3 28.
Rab1 Rec6 29. Qb2 Qxb2 30. Rxb2 Ng6 31. Kg2 Nf4+ 32. Kg3 Rc2 33. Rd2 Rxb2 34.
Rxb2 Rc1 35. Nh3 Nxd3 36. Rd2 Nf4 37. Nxg5 Rg1+ 38. Kh4 Rg2 39. Rxg2 Nxg2+ 0-1

[Event "XXXIV Festival Conca della Presolana Open A"]
[Site "Bratto - Castione della Presolana ITA"]
[Date "2014.08.27"]
[Round "5"]
[White "Nunziata, Vincenzo"]
[Black "Foglieni, Matteo"]
[WhiteElo "1911"]
[BlackElo "1961"]
[Result "0-1"]
[PlyCount "88"]
[EventDate "2014.08.23"]

1. d4 d6 2. Bf4 g6 3. Nf3 Bg7 4. e3 Nd7 5. c4 Ngf6 6. h3 O-O 7. Be2 Qe8 8. Nc3
e5 9. Bh2 Qe7 10. O-O b6 11. Rc1 Bb7 12. Qc2 e4 13. Nd2 Rfe8 14. Nb5 Rec8 15.
b4 a6 16. Nc3 Re8 17. Nb3 Nf8 18. c5 d5 19. cxb6 cxb6 20. b5 a5 21. Na4 Rac8
22. Qd2 N8d7 23. Rxc8 Rxc8 24. Rc1 Rxc1+ 25. Nxc1 Ne8 26. Qc2 Bf8 27. Qb3 Qe6
28. f3 exf3 29. Bxf3 Bd6 30. Ne2 Bxh2+ 31. Kxh2 g5 32. Nac3 Ndf6 33. Nd1 Nd6
34. Nec3 Nc4 35. Na4 Ne4 36. Bxe4 Qxe4 37. Nf2 Qe6 38. Nd1 g4 39. hxg4 Qxg4 40.
Nf2 Qe2 41. Nd1 Nd2 42. Qb2 Qh5+ 43. Kg3 Ne4+ 44. Kf4 Bc8 0-1